000
00294nam a2200121Ia 4500
008
150301s2010 xx 000 0 und d
082
_a
641.2
_b
YAD
100
_a
YADAV, MANOJ KUMAR
245
_a
FOOD & BEVERAGE SERVICES
260
_b
AMAN PUB. DELHI
_c
2010
300
_a
612
942
_2
ddc
_c
BK
_0
1
999
_c
7021
_d
7021